Score 0/20 Timer 07:00
7 Plays Today
% Correct
Danny DeVito - It's Always Sunny in Philadelphia
93.4%
Maggie Smith - Downton Abbey
84.4%
William Shatner - Boston Legal
78%
Betty White - Hot in Cleveland
76.4%
Ed O'Neill - Modern Family
74.7%
Jerry Stiller - King of Queens
73%
Dick Van Dyke - Diagnosis Murder
64.7%
Alan Alda - The West Wing
60.5%
Diana Rigg - Game of Thrones
60.3%
Beth Fowler - Orange is the New Black
59.9%
% Correct
Katherine Helmond - Everybody Loves Raymond
58.6%
Donald Sutherland - Crossing Lines
57.1%
Jeffrey Tambor - Transparent
50.4%
Cloris Leachman - Raising Hope
41.7%
Scott Wilson - The Walking Dead
36.8%
Rita Moreno - Oz
28.7%
Robert Morse - Mad Men
27.2%
Richard Erdman - Community
25.7%
Frances Sternhagen & Barry Corbin - The Closer
20.8%
Lois Smith - True Blood
18.1%
Remove Ads.
Support Sporcle.
Get the best of Sporcle when you Go Orange. This ad-free experience offers more features, more stats, and more fun while also helping to support Sporcle. Thank you for becoming a member.

You're not logged in!

Compare scores with friends on all Sporcle quizzes.
OR
Log In

Show Comments

Extras

Top Quizzes Today


Score Distribution

Your Account Isn't Verified!

In order to create a playlist on Sporcle, you need to verify the email address you used during registration. Go to your Sporcle Settings to finish the process.

Report this User

Report this user for behavior that violates our Community Guidelines.

Details: